书目信息 |
| 题名: |
屋顶花园与绿化技术
|
|
| 作者: | 王红兵 , 胡永红 著 | |
| 分册: | ||
| 出版信息: | 北京 中国建筑工业出版社 2017.8 |
|
| 页数: | 10,262页 | |
| 开本: | 26cm | |
| 丛书名: | ||
| 单 册: | ||
| 中图分类: | TU986.5 | |
| 科图分类: | ||
| 主题词: | 屋顶--花园--园林设计 | |
| 电子资源: | ||
| ISBN: | 978-7-112-20864-7 | |
| 000 | 01068nam0 2200265 450 | |
| 001 | 0400002702 | |
| 005 | 20171021132701.0 | |
| 010 | @a978-7-112-20864-7@dCNY112.00 | |
| 100 | @a20170905e2017 em y0chiy50 ea | |
| 101 | 0 | @achi@deng |
| 102 | @aCN@b110000 | |
| 105 | @aa z 000yy | |
| 106 | @ar | |
| 200 | 1 | @a屋顶花园与绿化技术@9wu ding hua yuan yu lv hua ji shu@dThe solutions to green roof@f王红兵,胡永红著@zeng |
| 210 | @a北京@c中国建筑工业出版社@d2017.8 | |
| 215 | @a10,262页@c图,彩照@d26cm | |
| 300 | @a城市生态修复中的园艺技术系列 | |
| 330 | @a本书系统论证了屋顶花园在截蓄雨水、降低暴雨径流等生态、经济和社会方面的综合效益,分析了屋顶花园生境的特殊性、介质成分和厚度的影响因素及其配方、植物选择,论述了营造工程技术,以及案例分析,集理论与技术于一体,实现了屋顶花园营造技术集成。 | |
| 510 | 1 | @aSolutions to green roof@zeng |
| 606 | 0 | @a屋顶@x花园@x园林设计 |
| 690 | @aTU986.5@v5 | |
| 701 | 0 | @a王红兵@9wang hong bing@f(1971-)@4著 |
| 701 | 0 | @a胡永红@9hu yong hong@4著 |
| 801 | 0 | @aCN@b91MARC@c20171021 |
| 905 | @b1021758-62@dTU986.5@f5@e1017 | |
| 屋顶花园与绿化技术=The solutions to green roof/王红兵,胡永红著.-北京:中国建筑工业出版社,2017.8 |
| 10,262页:图,彩照;26cm |
| 城市生态修复中的园艺技术系列 |
| ISBN 978-7-112-20864-7:CNY112.00 |
| 本书系统论证了屋顶花园在截蓄雨水、降低暴雨径流等生态、经济和社会方面的综合效益,分析了屋顶花园生境的特殊性、介质成分和厚度的影响因素及其配方、植物选择,论述了营造工程技术,以及案例分析,集理论与技术于一体,实现了屋顶花园营造技术集成。 |
| ● |
| 相关链接 |
|
|
|
|
正题名:屋顶花园与绿化技术
索取号:TU986.5/1017
 
预约/预借
| 序号 | 登录号 | 条形码 | 馆藏地/架位号 | 状态 | 备注 |
| 1 | 1021758 | 210217585 | 第二样本阅览室/ [索取号:TU986.5/1017] | 在馆 | |
| 2 | 1021759 | 210217594 | 密集书库-生命科学系/ [索取号:TU986.5/1017] | 在馆 | |
| 3 | 1021760 | 210217601 | 第三借阅区/ [索取号:TU986.5/1017] | 在馆 | |
| 4 | 1021761 | 210217610 | 第三借阅区/ [索取号:TU986.5/1017] | 在馆 | |
| 5 | 1021762 | 210217629 | 第三借阅区/ [索取号:TU986.5/1017] | 在馆 |